000 00460cam a2200193 4500
001 D6319
008 090401t1969 xxu||||| |||| 00| 0 eng d
035 _a(Sirsi) u251
041 _aeng
050 _a711
100 _aKeeble, Lewis
245 _aPrinciples and practice of town and country planning
250 _a4th
260 _aLondon
_bEstates Gazette
_c1969
300 _ax. 415p. illus. 30cm
350 _a0
942 _n0
948 _c04/03/1997
999 _c85505
_d85505